Equipos con más títulos de las grandes ligas - Estadísticas

Estadísticas generales
  • Esta prueba ha sido intentada 154 veces
  • La puntuación promedio es 20 de 25
Estadísticas de respuestas
Liga Equipo Títulos % Correcto
España F.C. Barcelona 99
100%
España Real Madrid C.F. 106
100%
España Atlético de Madrid 33
98%
Francia Paris Saint-Germain 50
98%
Italia Juventus F.C. 71
97%
Italia A.C. Milan 51
95%
Inglaterra Manchester City F.C. 36
95%
Inglaterra Manchester United F.C. 68
95%
Alemania B.V. Borussia Dortmund 22
93%
Italia F.C. Internazionale 46
93%
Inglaterra Liverpool F.C. 68
93%
España Valencia C.F. 23
93%
España Athletic Club 36
92%
Alemania F.C. Bayern Múnich 83
92%
Inglaterra Chelsea F.C. 34
91%
Inglaterra Arsenal F.C. 49
89%
Italia A.S. Roma 16
89%
Francia Olympique de Marsella 28
87%
Italia S.S. Lazio 16
71%
Francia A.S. Monaco 19
65%
Alemania Hamburgo S.V. 15
61%
Francia Olympique de Lyon 22
56%
Francia A.S. Saint-Étienne 24
38%
Alemania FC Schalke 04 17
34%
Alemania S.V. Werder Bremen 16
33%
No se encontraron pruebas coincidentes
Distribución de puntuación
Porcentaje de gente con cada puntuación
Porcentaje por número respondido
Historial de tus puntuaciones
No has intentado esta prueba.